000 00310nam a2200121Ia 4500
008 170620s9999 xx 000 0 und d
100 _aKAPOOR - V.K.
245 0 _aMEDICINAL & PHARMACUETICAL CHEMISTRY
260 _bVALLABH DELHI
260 _c2005
300 _a792
546 _aEnglish
690 _aMEDICINAL & PHARMACUETICAL CHEMISTRY
999 _c30861
_d30861